| 000 | 00612nam a22001937a 4500 | ||
|---|---|---|---|
| 003 | OSt | ||
| 005 | 20250729053426.0 | ||
| 008 | 250729b |||||||| |||| 00| 0 eng d | ||
| 020 | _a9781133689935 | ||
| 040 |
_aDWCL-Main lib _cOC |
||
| 082 | _aCirc. 657.42 K55c 2016 | ||
| 100 | _aKinney, Michael R. | ||
| 245 |
_aCost accounting/ _cMichel R. Kinney |
||
| 250 | _a2nd edition. Philippine e | ||
| 260 |
_aSingapore : _b Cengage Learning Asia, _cc2016. |
||
| 300 |
_a498 pages : _b illustrations ; _c26 cm. |
||
| 650 | _a1. Cost accounting. | ||
| 942 |
_2ddc _cBK-CIRC _e 2nd edition. Philippine edition _kCirc. _n0 |
||
| 999 |
_c3861 _d3861 |
||